000 00631nam a2200241Ia 4500
003 OSt
005 20220926010348.0
006 a|||||r|||| 00| 0
007 ta
008 220923b |||||||| |||| 00| 0 eng d
037 _cGeneral Book
040 _aRTL
_cRTL
_beng
041 _2eng
_aeng
082 _aY.498.N8, M6
100 _aFinegan Jack
_9109435
245 0 _aTibet
_b A dreamt of image
260 _a New Delhi
_bWiley
_c1986
300 _a260p
_ccm.
490 _aSambhota Series
650 _aSociology
942 _hY.498.N8, M6
_cGB
_2CC
999 _c617061
_d617061